Представление документа в формате MARC21

Поле Инд. ПП Название Значение
Тип записи a
Библиографический уровень a
001 Контрольный номер b1dba1e75f324475b4a9a6271714c2f9
005 Дата корректировки 20170301115049.1
020 a ISBN 5-02-010266-0
040 a Служба первич. каталог. НБ ТвГУ
b Код языка каталог. rus
e Правила каталог. PSBO
041 0_ a Код языка текста rus
097 b Оператор novikova
100 1_ a Автор Дерябин Юрий Степанович
q Полное имя Дерябин Ю. С.
245 10 a Заглавие Финляндия: нелегкий путь к нейтралитету
260 a Место издания Москва
b Издательство Наука
504 a Библиография Библиогр.: с. 75
520 0_ a Аннотация Наиболее сложными и длительными становление и международное признание нейтралитета стали для Финляндии, получившей государственную независимость в 1917 г.
653 0_ a Ключевые слова Финляндия, страна
a Ключевые слова Нейтралитет
a Ключевые слова Европейское экономическое сообщество
a Ключевые слова ЕЭС
773 18 w Контрольный № источника RU/IS/BASE/318428191
t Название источника Северная Европа
d Место и дата издания Москва : Наука, 2005
g Прочая информация Вып. 5. - С. 58-75
901 t Тип документа a
920 a Оператор Нови